Wilderness tips / (Record no. 173025)

000 -LEADER
fixed length control field 00834cam a2200253 a 4500
001 - CONTROL NUMBER
control field 3916486
003 - CONTROL NUMBER IDENTIFIER
control field Nust
005 - DATE AND TIME OF LATEST TRANSACTION
control field 20180713050824.0
008 - FIXED-LENGTH DATA ELEMENTS--GENERAL INFORMATION
fixed length control field 911028s1991 onc 000 1 eng c
010 ## - LIBRARY OF CONGRESS CONTROL NUMBER
LC control number 91209980
020 ## - INTERNATIONAL STANDARD BOOK NUMBER
International Standard Book Number 9781853813955
Terms of availability Rs. 460
038 ## - RECORD CONTENT LICENSOR
Staff Name Arshad
040 ## - CATALOGING SOURCE
Original cataloging agency MH
Transcribing agency MH
Modifying agency DLC
050 00 - LIBRARY OF CONGRESS CALL NUMBER
Classification number PR9199.3.A8
Item number W54 1991b
082 00 - DEWEY DECIMAL CLASSIFICATION NUMBER
Classification number 813.54
Author Mark ATW
100 1# - MAIN ENTRY--PERSONAL NAME
Personal name Atwood, Margaret,
Dates associated with a name 1939-
9 (RLIN) 11630
245 10 - TITLE STATEMENT
Title Wilderness tips /
Statement of responsibility, etc. Margaret Atwood.
260 ## - PUBLICATION, DISTRIBUTION, ETC.
Place of publication, distribution, etc. Toronto, Ont. :
Name of publisher, distributor, etc. M & S,
Date of publication, distribution, etc. 1991.
300 ## - PHYSICAL DESCRIPTION
Extent 247 p. ;
Dimensions 25 cm.
856 42 - ELECTRONIC LOCATION AND ACCESS
Materials specified Contributor biographical information
Uniform Resource Identifier <a href="http://www.loc.gov/catdir/bios/random056/91209980.html">http://www.loc.gov/catdir/bios/random056/91209980.html</a>
856 42 - ELECTRONIC LOCATION AND ACCESS
Materials specified Publisher description
Uniform Resource Identifier <a href="http://www.loc.gov/catdir/description/random0411/91209980.html">http://www.loc.gov/catdir/description/random0411/91209980.html</a>
906 ## - LOCAL DATA ELEMENT F, LDF (RLIN)
a 7
b cbc
c orignew
d u
e ncip
f 19
g y-gencatlg
942 ## - ADDED ENTRY ELEMENTS (KOHA)
Source of classification or shelving scheme
Koha item type Book
Holdings
Withdrawn status Lost status Source of classification or shelving scheme Damaged status Not for loan Collection code Permanent Location Current Location Shelving location Date acquired Total Checkouts Full call number Barcode Date last seen Date last checked out Copy number Price effective from Koha item type
            Central Library (CL) Central Library (CL) Fiction 01/17/2017 2 813.54 ATW CL556 09/26/2024 02/22/2024 1 01/17/2017 Book
© 2023 Central Library, National University of Sciences and Technology. All Rights Reserved.